Languages: Countries from Greek to English - Statistics

General Stats
  • This quiz has been taken 442 times
  • The average score is 14 of 16
Answer Stats
Country in Greek And in English % Correct
Ιταλία Italy
99%
Μάλτα Malta
97%
Ιράν Iran
93%
Τουρκία Turkey
93%
Σαουδική Αραβία Saudi Arabia
91%
Ομάν Oman
89%
Ελλάδα Greece
85%
Ιρλανδία Ireland
84%
Αλγερία Algeria
83%
Φινλανδία Finland
83%
Κύπρος Cyprus
82%
Καναδάς Canada
81%
Κίνα China
81%
Γαλλία France
80%
γερμανικά Germany
79%
Ιαπωνία Japan
73%
No matching quizzes found
Score Distribution
Percent of People with Each Score
Percentile by Number Answered
Your Score History
You have not taken this quiz